000 00892cam a2200169Ia 4500
020 _a9251049114
040 _cFQG UNL 2003 C101 Or.
245 0 0 _aUnlocking the water potential of agriculture
300 _aviii, 62 pages :
_bcolor illustrations ;
_c30 cm
500 _a"On the occasion of the third World Water Forum (WWF-3), being held in Kyoto, Japan, from 16 to 23 March 2003, the Food and Agriculture Organization of the United Nations (FAO) presented an overview of the priority issues facing the agricultural decision-makers of the world in the field of agricultural water development and their implications for the management of water resources in a wider context"--Foreword
650 0 _aWater quality management
650 0 _aWater-supply
650 0 _aIrrigation
650 0 _aSanitation
710 2 _aFood and Agriculture Organization of the United Nations.
942 _cAEDBB
999 _c20874
_d20874